| 000 | 01200nam a2200289 a 4500 | ||
|---|---|---|---|
| 001 | ebr10080961 | ||
| 003 | CaPaEBR | ||
| 006 | m u | ||
| 007 | cr cn||||||||| | ||
| 008 | 021002s2002 enka sb 001 0 eng | ||
| 020 | _z0761966668 | ||
| 020 | _z0761966676 (pbk.) | ||
| 040 |
_aCaPaEBR _cCaPaEBR |
||
| 035 | _a(OCoLC)70774261 | ||
| 050 | 1 | 4 |
_aKZ6010 _b.W353 2002eb |
| 082 | 0 | 4 |
_a303.69 _221 |
| 100 | 1 |
_aWallensteen, Peter, _d1945- |
|
| 245 | 1 | 0 |
_aUnderstanding conflict resolution _h[electronic resource] : _bwar, peace, and the global system / _cPeter Wallensteen. |
| 260 |
_aLondon ; _aThousand Oaks, Calif. : _bSAGE Publications, _c2002. |
||
| 300 |
_axvi, 320 p. : _bill. |
||
| 504 | _aIncludes bibliographical references (p. [301]-310) and index. | ||
| 533 |
_aElectronic reproduction. _bPalo Alto, Calif. : _cebrary, _d2013. _nAvailable via World Wide Web. _nAccess may be limited to ebrary affiliated libraries. |
||
| 650 | 0 | _aPacific settlement of international disputes. | |
| 655 | 7 |
_aElectronic books. _2local |
|
| 710 | 2 | _aebrary, Inc. | |
| 856 | 4 | 0 |
_uhttp://site.ebrary.com/lib/rucke/Doc?id=10080961 _zAn electronic book accessible through the World Wide Web; click to view |
| 999 |
_c55562 _d55562 |
||